Distribution and properties of placer ilmenite in Damietta-Port Said beach sands, Egypt

This work deals with a comprehensive study of ilmenite distribution in the sands of DamiettaPort Said beach which is a part of the African Coast on Mediterranean Sea. This area extends for about 36 km to the east of Damietta Nile branch estuary, and of about 11 km2 The sands come out of the estuary...

Teljes leírás

Elmentve itt :
Bibliográfiai részletek
Szerzők: Wassef Samir N.
Hammoud N. S.
Dokumentumtípus: Cikk
Megjelent: University of Szeged, Department of Mineralogy, Geochemistry and Petrology Szeged 1985
Sorozat:Acta mineralogica-petrographica 27
Kulcsszavak:Kőzettan, Ásványtan, Földtan
Tárgyszavak:
Online Access:http://acta.bibl.u-szeged.hu/24733
LEADER 02164nab a2200229 i 4500
001 acta24733
005 20220726113117.0
008 161017s1985 hu o 0|| eng d
022 |a 0365-8066 
040 |a SZTE Egyetemi Kiadványok Repozitórium  |b hun 
041 |a eng 
100 1 |a Wassef Samir N. 
245 1 0 |a Distribution and properties of placer ilmenite in Damietta-Port Said beach sands, Egypt  |h [elektronikus dokumentum] /  |c  Wassef Samir N. 
260 |a University of Szeged, Department of Mineralogy, Geochemistry and Petrology  |b Szeged  |c 1985 
300 |a 131-138 
490 0 |a Acta mineralogica-petrographica  |v 27 
520 3 |a This work deals with a comprehensive study of ilmenite distribution in the sands of DamiettaPort Said beach which is a part of the African Coast on Mediterranean Sea. This area extends for about 36 km to the east of Damietta Nile branch estuary, and of about 11 km2 The sands come out of the estuary and subjected to northwesterly winds, and a current parallel to the beach line from west to east. These conditions cause the accumulation of heavy minerals bearing ilmenite on the eastern side of Damietta estuary. Systematic withdrawal of 116 auger samples distributed regularly on the beach stretch have been analyzed for ilmenite. The tenor of ilmenite was found to vary between 5.82% and 15.328% and concentrates in three main locations. The upper meter showed a reserve of about 1.23 million dry tons of ilmenite. Ilmenite is characterized by the presence of hematite, rutile, magnetite as exsolutions and decomposition into different alteration products is recorded. The presence of ilmenite besides zircon and rutile is suggesting the Precambrian and basic plutonic rocks provenances drained by the highlands of the River Nile in Africa. The high chromium content in ilmenite relates its origin to the basaltic rocks in Ethiopia, Sudan and Upper Egypt. 
650 4 |a Természettudományok 
650 4 |a Föld- és kapcsolódó környezettudományok 
695 |a Kőzettan, Ásványtan, Földtan 
700 0 1 |a Hammoud N. S.  |e aut 
856 4 0 |u http://acta.bibl.u-szeged.hu/24733/1/mineralogica_027_131-138.pdf  |z Dokumentum-elérés